01726nam a2200361Ia 4500001001200000003000800012006001900020007001500039008004100054010001700095020001800112040002100130035002100151050002500172082001900197245030600216260005600522300001600578504005100594533015200645650003200797650003200829650003400861655002900895700002300924700002500947710010600972710009001078710003601168710001701204856012601221999001701347ebr10395833CaPaEBRm u cr cn|||||||||100125s2010 dcu sb 001 0 eng d z 2010003194 z9780309146289 aCaPaEBRcCaPaEBR a(OCoLC)64876150414aRA644.H4bH37 2010eb04a616.99/43622200aHepatitis and liver cancerh[electronic resource] :ba national strategy for prevention and control of hepatitis B and C /cHeather M. Colvin and Abigail E. Mitchell, editors; Committee on the Prevention and Control of Viral Hepatitis Infections, Board on Population Health and Public Health Practice. aWashington, DC :bNational Academies Press,cc2010. axix, 232 p. aIncludes bibliographical references and index. aElectronic reproduction.bPalo Alto, Calif. :cebrary,d2010.nAvailable via World Wide Web.nAccess may be limited to ebrary affiliated libraries. 0aHepatitis BzUnited States. 0aHepatitis CzUnited States. 0aLiverxCancerzUnited States. 7aElectronic books.2local1 aColvin, Heather M.1 aMitchell, Abigail E.2 aInstitute of Medicine (U.S.).bCommittee on the Prevention and Control of Viral Hepatitis Infections.2 aInstitute of Medicine (U.S.).bBoard on Population Health and Public Health Practice.2 aNational Academies Press (U.S.)2 aebrary, Inc.40uhttp://site.ebrary.com/lib/rucke/Doc?id=10395833zAn electronic book accessible through the World Wide Web; click to view c96130d96130